LIBRARY & INFORMATION CENTRE, KCAET, TAVANUR

ONLINE PUBLIC ACCESS CATALOGUE (OPAC)

Student manual for the art of electrons / (Record no. 298)

MARC details
000 -LEADER
fixed length control field 00521cam a2200193ua 4500
020 ## - INTERNATIONAL STANDARD BOOK NUMBER
ISBN 0-521-49847-3
041 ## - LANGUAGE CODE
Language code of text/sound track or separate title eng
082 ## - DEWEY DECIMAL CLASSIFICATION NUMBER
Classification number 537.074
Item number HAY/ST
100 ## - MAIN ENTRY--AUTHOR NAME
Personal name Hayes, Thomas C.
245 ## - TITLE STATEMENT
Title Student manual for the art of electrons /
250 ## - EDITION STATEMENT
Edition statement 2 /
260 ## - PUBLICATION, DISTRIBUTION, ETC. (IMPRINT)
Place of publication Cambridge :
Name of publisher Cambridge University Press ,
Year of publication 1995.
300 ## - PHYSICAL DESCRIPTION
Number of Pages 614 ; .
700 1# - ADDED ENTRY--PERSONAL NAME
Personal name Horowitz, Paul.
942 ## - ADDED ENTRY ELEMENTS (KOHA)
Koha item type Books
Holdings
Withdrawn status Lost status Damaged status Home library Current library Date acquired Full call number Accession Number Koha item type
      KAUAET KAUAET 07/04/2012 537.074 HAY/ST 20582 Books
free website counter